CLINICAL NSG. PROCEDURE (Record no. 2343)

MARC details
000 -LEADER
fixed length control field 00353nam a2200133Ia 4500
008 - FIXED-LENGTH DATA ELEMENTS--GENERAL INFORMATION
fixed length control field 220530s9999 xx 000 0 und d
020 ## - INTERNATIONAL STANDARD BOOK NUMBER
International Standard Book Number 9789389188516
100 ## - MAIN ENTRY--PERSONAL NAME
Personal name ANNAMA JACOB
9 (RLIN) 60909
245 ## - TITLE STATEMENT
Title CLINICAL NSG. PROCEDURE
250 ## - EDITION STATEMENT
Edition statement SECOND
260 ## - PUBLICATION, DISTRIBUTION, ETC. (IMPRINT)
Place of publication, distribution, etc. NAGPUR
Name of publisher, distributor, etc. JAYPEE PUBLICATION,NAGPUR
Date of publication, distribution, etc. 2010
650 ## - SUBJECT ADDED ENTRY--TOPICAL TERM
Topical term or geographic name as entry element NURSING FOUNDATION
9 (RLIN) 60910
Holdings
Withdrawn status Lost status Source of classification or shelving scheme Damaged status Not for loan Home library Current library Date acquired Vendor Cost, normal purchase price Total Checkouts Barcode Date last seen Date last checked out Bill Date Koha item type Original Barcode
    Dewey Decimal Classification Damaged   Sitabai Nargundkar College of Nursing Nagpur Sitabai Nargundkar College of Nursing Nagpur 31/12/2012 TEXTBOOK PURCHASE JAYPEE BROTHERS NAGPUR INVOICE NO 1297 595.00 2 SNCN-BK-1281 25/01/2024 12/01/2024 31/05/2022 Books 1281